| 000 | 00671cam a2200217 a 4500 | ||
|---|---|---|---|
| 001 | 84652 | ||
| 003 | BD-RjUL | ||
| 005 | 20250209131037.0 | ||
| 008 | 250207s1957 pk a 000 0durdo | ||
| 035 | _a(BD-RjUL) 84652 | ||
| 040 |
_aDLC _cDLC _dDLC _beng |
||
| 041 | _aurd | ||
| 082 |
_223 _a915.1 _bHAS 1957 |
||
| 245 | 1 | 0 |
_aسفر نامۂ چین ;; :safar nāmah cīn / _cعبدالقدوس ہاشمی ;; Abdul Quddus Hashmi |
| 260 |
_aKarachi : _bAnjuman press, , _c1957 |
||
| 300 |
_a158 p. : _bcol. ill. ; _c18 cm. |
||
| 600 | 1 | 0 |
_aĀsī, Saʻīd _xTravel _zChina. _914928 |
| 651 | 0 |
_aChina _xSocial life and customs. _914929 |
|
| 942 |
_2ddc _cBK |
||
| 999 |
_c84652 _d84652 |
||